Louis Herman Castner

Saved in:
Bibliographic Details
Main Author: Hohnholz, Sabine (Author)
Format: Chapter/Article
Language:German
Published: 2014
In: Moderne - Weltkrieg - Irrenhaus, 1900-1930
Year: 2014, Pages: 152
Online Access: Get full text
Author Notes:Sabine Hohnholz

MARC

LEADER 00000caa a22000002c 4500
001 1539916111
003 DE-627
005 20220812225926.0
007 tu
008 160524s2014 xx ||||| 00| ||ger c
035 |a (DE-627)1539916111 
035 |a (DE-576)469916117 
035 |a (DE-599)BSZ469916117 
035 |a (OCoLC)1340917949 
040 |a DE-627  |b ger  |c DE-627  |e rda 
041 |a ger 
084 |a 46  |2 sdnb 
100 1 |a Hohnholz, Sabine  |e VerfasserIn  |0 (DE-588)1051009537  |0 (DE-627)785495460  |0 (DE-576)405461933  |4 aut 
245 1 0 |a Louis Herman Castner  |c Sabine Hohnholz 
264 1 |c 2014 
300 |a 1 
336 |a Text  |b txt  |2 rdacontent 
337 |a ohne Hilfsmittel zu benutzen  |b n  |2 rdamedia 
338 |a Band  |b nc  |2 rdacarrier 
773 0 8 |i Enthalten in  |t Moderne - Weltkrieg - Irrenhaus, 1900-1930  |d Essen : Klartext, 2014  |g (2014), Seite 152  |h 180 Seiten  |w (DE-627)775614173  |w (DE-576)401655210  |z 9783837511345  |7 nnam  |a Louis Herman Castner 
773 1 8 |g year:2014  |g pages:152  |g extent:1  |a Louis Herman Castner 
951 |a AR 
992 |a 20160524 
993 |a BookComponentPart 
994 |a 2014 
998 |g 1051009537  |a Hohnholz, Sabine  |m 1051009537:Hohnholz, Sabine  |d 910000  |d 910600  |e 910000PH1051009537  |e 910600PH1051009537  |k 0/910000/  |k 1/910000/910600/  |p 1  |x j  |y j 
999 |a KXP-PPN1539916111  |e 2925817513 
BIB |a Y 
JSO |a {"person":[{"family":"Hohnholz","role":"aut","given":"Sabine","display":"Hohnholz, Sabine"}],"name":{"displayForm":["Sabine Hohnholz"]},"origin":[{"dateIssuedKey":"2014","dateIssuedDisp":"2014"}],"language":["ger"],"title":[{"title_sort":"Louis Herman Castner","title":"Louis Herman Castner"}],"id":{"eki":["1539916111"]},"type":{"bibl":"chapter"},"physDesc":[{"extent":"1 S."}],"relHost":[{"id":{"isbn":["9783837511345"],"eki":["775614173"]},"origin":[{"dateIssuedDisp":"2014","publisher":"Klartext","publisherPlace":"Essen","dateIssuedKey":"2014"}],"title":[{"title":"Moderne - Weltkrieg - Irrenhaus, 1900-1930","subtitle":"Brüche in der Psychatrie - Kunst und Psychiatrie","title_sort":"Moderne - Weltkrieg - Irrenhaus, 1900-1930"}],"corporate":[{"display":"Psychiatriegeschichtliches Dokumentationszentrum","role":"orm"},{"display":"Leopold-Hoesch-Museum & Papiermuseum Düren","role":"orm"}],"recId":"775614173","type":{"bibl":"edited-book"},"physDesc":[{"noteFormat":"28 cm","extent":"180 Seiten","noteIll":"Illustrationen"}],"note":["Diese Publikation erscheint anlässlich der Ausstellungen \"Moderne. Weltkrieg. Irrenhaus. 1900-1930\", 1. Mai bis 6. August 2014","\"Moderne. Weltkrieg. Irrenhaus. 1900-1930 - Brüche in der Psychiatrie\", 1. Mai bis 6. August 2014, Psychiatriegeschichtliches Dokumentationszentrum (PDZ) Düren in Haus 5 auf dem Gelände der LVR-Klinik Düren","\"Moderne. Weltkrieg. Irrenhaus. 1900-1930 - Kunst und Psychiatrie\", 1. Mai bis 6. August 2014, Leopold-Hoesch-Museum & Papiermuseum Düren","Die Ausstellung ist Teil des LVR-Projektes \"1914 - Mitten in Europa. Das Rheinland und der Erste Weltkrieg\""],"disp":"Louis Herman CastnerModerne - Weltkrieg - Irrenhaus, 1900-1930","part":{"extent":"1","pages":"152","year":"2014","text":"(2014), Seite 152"},"person":[{"given":"Renate","display":"Goldmann, Renate","role":"edt","family":"Goldmann"},{"display":"Knauer, Erhard","given":"Erhard","role":"edt","family":"Knauer"},{"given":"Eusebius","display":"Wirdeier, Eusebius","family":"Wirdeier","role":"edt"}],"name":{"displayForm":["herausgegeben von Renate Goldmann, Erhard Knauer und Eusebius Wirdeier"]},"language":["ger"]}],"recId":"1539916111"} 
SRT |a HOHNHOLZSALOUISHERMA2014